000 00839nas a2200277 4500
001 BR9500988
003 BR-BrBNA
005 20231205093857.0
007 ta
008 230509b bl.|||p| |||| 00| 00por d
040 _aBR-BrBNA
_bpor
_cBiblioteca Nacional de Agricultura
041 _a(Pt)
072 _aH60; F03
100 1 _aLeal, T.C.A. de B.
100 1 _aSilva, J.F. da
100 1 _aSilva, R.F. da
100 1 _aConde, A.R.
245 1 _aEfeitos de substancias promotoras e inibidoras de germinacao em sementes de Solanum americanum Mill
650 _aMaria-Pretinha
650 _aErva Daninha
650 _aGerminacao
650 _aSemente
773 0 _tRevista Ceres (Brazil)
_xISSN 0034-737X
_g(May-Jun 1993), v. 40(229) p. 319-324
_wBR9500988
909 _a202311
_bLúcia
_c55
_dLúcia Elande
942 _2AGRIS
_n0
_cANA
999 _c140876
_d140876